Reiniciación cristiana : respuesta a un Bautismo "sociológico" / [por] Jesús Andrés Vela

Guardado en:
Detalles Bibliográficos
Autor principal: Vela, Jesús Andrés (autor)
Formato: Libro
Colección:Col. "Misión sin Fronteras"
Temas:
Etiquetas: Agrega una etiqueta
Sin etiquetas, Sé el primero en etiquetar este registro!

MARC

LEADER 00000nam^a2200000^u^4500
001 000544000
005 20250521000000.0
008 060220s1000^^^^^^^^^^^^r^^^^^000^0^spa^d
009 20260310131318.522
035 |a FMI 000013061 
037 |a Acervo Xavier Clavigero 
096 |a 5.9/76/C 
100 |a Vela, Jesús Andrés  |e (autor) 
245 1 0 |a Reiniciación cristiana : respuesta a un Bautismo "sociológico" / [por] Jesús Andrés Vela 
264 |a Estella : Verbo Divino, 1986 
300 |a 395 p. 
336 |a texto  |b txt  |2 rdacontenido 
337 |a sin mediación  |b n  |2 rdamedio 
338 |a volumen  |b nc  |2 rdasoporte 
440 0 |a Col. "Misión sin Fronteras" 
649 |a XX 
650 |a PASTORAL 
910 |a Fondo Francisco Migoya Covarrubias S.J. 
920 |a Impresos - Libros 
930 |a Fondos Especiales 
905 |a 134 
901 |a SBC13895  |b IT2  |c ESP  |u 20250521 
902 |a https://opac.biblio.iteso.mx/vufind/Record/000544000